Proustov index
Rozvinuté ekonomiky sa pre krízu vrátili desať rokov späť.
Na minha lista:
| Formato: | Capítulo de Livro |
|---|---|
| Idioma: | eslovaco |
| Assuntos: | |
| Tags: |
Sem tags, seja o primeiro a adicionar uma tag!
|
MARC
| LEADER | 00000naa a2200000 4500 | ||
|---|---|---|---|
| 001 | 0149022 | ||
| 005 | 20231113075350.4 | ||
| 041 | 0 | |a slo | |
| 044 | |a SK | ||
| 245 | 1 | 0 | |a Proustov index |
| 520 | |a Rozvinuté ekonomiky sa pre krízu vrátili desať rokov späť. | ||
| 610 | 2 | 0 | |a krajiny vyspelé |
| 610 | 2 | 0 | |a výkonnosť ekonomiky |
| 610 | 2 | 0 | |a dlhy |
| 610 | 2 | 0 | |a nezamestnanosť |
| 610 | 2 | 0 | |a nezamestnanosť dlhodobá |
| 610 | 2 | 0 | |a kríza hospodárska |